[Event "BL 9394 Koblenz-Castrop Rauxel"]
[Site "?"]
[Date "1994.??.??"]
[Round "?.3"]
[White "Hoffmann, M."]
[Black "Seul, G."]
[Result "0-1"]
[WhiteElo "2470"]
[BlackElo "2425"]
[PlyCount "50"]
[EventDate "1994.??.??"]

1. d4 d5 2. c4 c6 3. Nf3 Nf6 4. Nc3 a6 5. a4 e6 6. e3 c5 7. Be2 Nc6 8. O-O Bd6
9. b3 O-O 10. Bb2 b6 11. Rc1 Bb7 12. Rc2 Qe7 13. Rd2 cxd4 14. Nxd4 Nxd4 15.
Rxd4 Bc5 16. Rd2 Rad8 17. Qc2 dxc4 18. Bxc4 Ng4 19. Rxd8 Rxd8 20. Qe2 Qg5 21.
Rd1 Rxd1+ 22. Nxd1 Nxh2 23. e4 Ng4 24. Bxa6 Qh4 25. Qb5 Bxf2+ 0-1

[Event "BL 9394 Koblenz-Castrop Rauxel"]
[Site "?"]
[Date "1994.??.??"]
[Round "?.4"]
[White "Reschke, S."]
[Black "Sehner, N."]
[Result "1/2-1/2"]
[WhiteElo "2390"]
[BlackElo "2415"]
[PlyCount "101"]
[EventDate "1994.??.??"]

1. c4 e6 2. Nf3 d5 3. b3 Be7 4. Bb2 Bf6 5. Qc2 Nc6 6. g3 Nb4 7. Qc1 dxc4 8.
bxc4 b6 9. Bg2 Bb7 10. O-O c5 11. d3 Qe7 12. Na3 Bxb2 13. Qxb2 Nf6 14. Nc2 Nc6
15. Ne5 Nxe5 16. Bxb7 Qxb7 17. Qxe5 O-O 18. a4 Nd7 19. Qd6 Rac8 20. a5 Rc6 21.
Qf4 Re8 22. Qd2 Rd6 23. axb6 axb6 24. Qc3 h5 25. f3 b5 26. cxb5 Qxb5 27. Rfb1
Qc6 28. Ne3 Rd4 29. Nc4 h4 30. Qe1 hxg3 31. hxg3 Qc7 32. Kg2 Rb8 33. Rxb8+ Qxb8
34. Qa5 Rd5 35. Qd2 Qb4 36. Ra8+ Kh7 37. Qf4 Nf6 38. g4 Qe1 39. Qh2+ Nh5 40.
Ra2 Rg5 41. Ne5 Qb1 42. Nxf7 Rd5 43. Ra4 Qb2 44. Re4 Kg8 45. Ne5 Nf6 46. Nc4
Qa2 47. Rxe6 Rxd3 48. Re7 Rd7 49. Qb8+ Kh7 50. Qh2+ Kg8 51. Qb8+ 1/2-1/2

[Event "BL 9394 Koblenz-Castrop Rauxel"]
[Site "?"]
[Date "1994.??.??"]
[Round "?.5"]
[White "Libeau, R."]
[Black "Fritsche, L."]
[Result "1-0"]
[WhiteElo "2445"]
[BlackElo "2375"]
[PlyCount "75"]
[EventDate "1994.??.??"]

1. Nf3 g6 2. c4 Bg7 3. g3 e5 4. Nc3 Nc6 5. Bg2 d6 6. d3 h6 7. Rb1 f5 8. O-O Nf6
9. b4 O-O 10. b5 Ne7 11. a4 g5 12. Ba3 Ng6 13. Nd2 Re8 14. Qc2 Rb8 15. Nd5 Be6
16. a5 Bf7 17. Nb4 Ne7 18. a6 b6 19. Bb2 Rf8 20. e3 Be6 21. f4 Nd7 22. Rbe1 Qe8
23. d4 Qg6 24. Nc6 Nxc6 25. bxc6 Nf6 26. fxe5 dxe5 27. d5 Bc8 28. d6 Be6 29. d7
Nh7 30. Ba3 Rf7 31. Bd6 Bxd7 32. cxd7 Rxd7 33. Ba3 e4 34. g4 Rbd8 35. Nxe4 Qe6
36. gxf5 Qe5 37. f6 Nxf6 38. Bb2 1-0

[Event "BL 9394 Koblenz-Castrop Rauxel"]
[Site "?"]
[Date "1994.??.??"]
[Round "?.6"]
[White "Doncevic, D."]
[Black "Dinstuhl, V."]
[Result "0-1"]
[WhiteElo "2370"]
[BlackElo "2365"]
[PlyCount "59"]
[EventDate "1994.??.??"]

1. e4 c5 2. Nf3 d6 3. d4 cxd4 4. Nxd4 Nf6 5. Nc3 a6 6. Be2 e5 7. Nb3 Be7 8. O-O
Be6 9. f4 Qc7 10. Nd5 Bxd5 11. exd5 Nbd7 12. c4 O-O 13. Be3 Rfe8 14. f5 e4 15.
Rc1 Rac8 16. Qd2 Ne5 17. Rf4 Qd7 18. g4 h6 19. Kg2 b5 20. Na5 Bd8 21. h4 Bxa5
22. Qxa5 Nd3 23. Bxd3 exd3 24. Qd2 bxc4 25. Rfxc4 Rxc4 26. Rxc4 Nxd5 27. Bf2
Qb5 28. Rd4 Re2 29. Qc1 Qb7 30. Kf1 0-1

[Event "BL 9394 Koblenz-Castrop Rauxel"]
[Site "?"]
[Date "1994.??.??"]
[Round "?.7"]
[White "Ambroz, J."]
[Black "Schlick, V."]
[Result "1/2-1/2"]
[WhiteElo "2420"]
[BlackElo "2315"]
[PlyCount "83"]
[EventDate "1994.??.??"]

1. e4 c5 2. Nf3 Nc6 3. Bb5 d6 4. O-O Bd7 5. c3 a6 6. Ba4 b5 7. Bc2 e6 8. d4
cxd4 9. cxd4 Be7 10. d5 Na7 11. dxe6 Bxe6 12. Nd4 Nf6 13. Nxe6 fxe6 14. Bb3 Qd7
15. a4 Nxe4 16. Be3 d5 17. Bc2 Nf6 18. Qe2 O-O 19. Bxa7 Rxa7 20. axb5 axb5 21.
Rxa7 Qxa7 22. Qxe6+ Kh8 23. Nc3 Qc5 24. Bd3 b4 25. Ne2 Qd6 26. Qxd6 Bxd6 27.
Rc1 Be5 28. b3 g5 29. h3 Ra8 30. g3 Ra3 31. f4 gxf4 32. gxf4 Bc3 33. Nxc3 Rxb3
34. Nxd5 Nxd5 35. Rc8+ Kg7 36. Be4 Nxf4 37. Rc7+ Kf6 38. Bxh7 Nxh3+ 39. Kf1 Rb2
40. Ke1 Ng5 41. Kd1 Rh2 42. Bc2 1/2-1/2

[Event "BL 9394 Koblenz-Castrop Rauxel"]
[Site "?"]
[Date "1994.??.??"]
[Round "?.8"]
[White "Bohn, T."]
[Black "Hennig, D."]
[Result "1/2-1/2"]
[WhiteElo "2355"]
[BlackElo "2330"]
[PlyCount "70"]
[EventDate "1994.??.??"]

1. f4 g6 2. Nf3 Bg7 3. d3 d5 4. g3 Nf6 5. Bg2 O-O 6. O-O b6 7. Qe1 Nbd7 8. Nc3
Nc5 9. h3 Bb7 10. g4 e6 11. Bd2 a5 12. Qg3 Ne8 13. f5 exf5 14. gxf5 Nd6 15. Nh4
d4 16. Nd5 Ne8 17. fxg6 Bxd5 18. Bxd5 Qxd5 19. Nf5 Kh8 20. gxh7 Ne6 21. Qh4 Qd8
22. Qg3 Nd6 23. Nxg7 Nxg7 24. Bh6 Nde8 25. Rf3 Qd6 26. Qh4 f5 27. Kh1 Rf6 28.
Bf4 Qe6 29. Rg1 c5 30. Rfg3 Ra7 31. R1g2 Rd7 32. c3 Rff7 33. Rg6 Rf6 34. R6g3
Rff7 35. Rg6 Rf6 1/2-1/2

[Event "BL 9394 Porz-Bochum"]
[Site "?"]
[Date "1994.??.??"]
[Round "?.3"]
[White "Schulz, KJ."]
[Black "Christiansen, L."]
[Result "0-1"]
[WhiteElo "2420"]
[BlackElo "2560"]
[PlyCount "70"]
[EventDate "1994.??.??"]

1. e4 c5 2. Nf3 Nc6 3. Bb5 e6 4. O-O Nge7 5. d4 cxd4 6. Nxd4 Qb6 7. Nxc6 bxc6
8. Bd3 Ng6 9. Kh1 e5 10. Nd2 Be7 11. Nc4 Qc7 12. Qh5 O-O 13. Bd2 d6 14. f4 Nxf4
15. Bxf4 exf4 16. e5 g6 17. exd6 Bxd6 18. Qh6 Bc5 19. Rxf4 Re8 20. Rh4 f5 21.
Rf1 Be6 22. b3 Rad8 23. Qd2 Qg7 24. Qa5 Be7 25. Rh3 Bg5 26. Rg3 Bf6 27. Re3 Bd5
28. Rxe8+ Rxe8 29. Re1 Rf8 30. Qc5 Bd4 31. Qe7 f4 32. Qxg7+ Kxg7 33. Ne5 f3 34.
gxf3 Re8 35. c4 Rxe5 0-1

[Event "BL 9394 Porz-Bochum"]
[Site "?"]
[Date "1994.??.??"]
[Round "?.4"]
[White "Hickl, J."]
[Black "Backwinkel, P."]
[Result "1-0"]
[WhiteElo "2535"]
[BlackElo "2410"]
[PlyCount "67"]
[EventDate "1994.??.??"]

1. g3 d5 2. Bg2 c6 3. Nf3 Bg4 4. b3 Nd7 5. Bb2 Ngf6 6. d3 Bxf3 7. Bxf3 e6 8.
Nd2 Be7 9. O-O O-O 10. c4 a5 11. a3 Qb8 12. Qc2 Rc8 13. Rfe1 b5 14. e4 dxc4 15.
dxc4 e5 16. Bg2 b4 17. axb4 Bxb4 18. Re2 Nf8 19. Nf3 N6d7 20. Bh3 f6 21. Bc3
Rd8 22. Bxb4 Qxb4 23. Ra4 Qb6 24. Qa2 Nc5 25. b4 Nxa4 26. c5+ Kh8 27. cxb6 Nc3
28. Qc4 Nxe2+ 29. Qxe2 Rdb8 30. bxa5 Rxa5 31. Qd2 Rb5 32. Qd6 R5xb6 33. Nd2 h6
34. Nc4 1-0

[Event "BL 9394 Porz-Bochum"]
[Site "?"]
[Date "1994.??.??"]
[Round "?.5"]
[White "Jackelen, T."]
[Black "Vaganian, R."]
[Result "1-0"]
[WhiteElo "2425"]
[BlackElo "2625"]
[PlyCount "54"]
[EventDate "1994.??.??"]

1. Nf3 d5 2. c4 e6 3. g3 Nf6 4. Bg2 Be7 5. O-O O-O 6. d4 c6 7. Qc2 Nbd7 8. b3
b6 9. Bb2 Bb7 10. Nc3 Ba6 11. Rfd1 Rc8 12. e4 dxc4 13. Nd2 cxb3 14. axb3 Nb8
15. Nc4 b5 16. Ne3 Qb6 17. Ne2 Bb4 18. Nf4 Bb7 19. Qe2 Nbd7 20. Nd3 Be7 21. b4
Ra8 22. Bc3 Qc7 23. Rac1 Rac8 24. d5 Qb8 25. dxe6 fxe6 26. Nf4 Rf7 27. Nxe6 Ne8
1-0

[Event "BL 9394 Porz-Bochum"]
[Site "?"]
[Date "1994.??.??"]
[Round "?.6"]
[White "Vogt, L."]
[Black "Luecke, N."]
[Result "1-0"]
[WhiteElo "2495"]
[BlackElo "2410"]
[PlyCount "41"]
[EventDate "1994.??.??"]

1. e4 e6 2. d4 d5 3. Nc3 dxe4 4. Nxe4 Nd7 5. Nf3 Ngf6 6. Nxf6+ Nxf6 7. Bd3 c5
8. dxc5 Bxc5 9. O-O O-O 10. Bg5 h6 11. Bh4 Be7 12. Qe2 Qc7 13. Rad1 Rd8 14. Ne5
b6 15. Rfe1 a6 16. f3 Bb7 17. Kh1 Nh5 18. Nxf7 Bxh4 19. Nxd8 Rxd8 20. Qxe6+ Qf7
21. Bh7+ 1-0

[Event "BL 9394 Porz-Bochum"]
[Site "?"]
[Date "1994.??.??"]
[Round "?.7"]
[White "Sonntag, HH."]
[Black "Mainka, R."]
[Result "0-1"]
[WhiteElo "2405"]
[BlackElo "2480"]
[PlyCount "44"]
[EventDate "1994.??.??"]

1. d4 Nf6 2. Nf3 g6 3. c4 Bg7 4. Nc3 O-O 5. e3 c5 6. Be2 d5 7. dxc5 Qa5 8. Bd2
dxc4 9. Na4 Qc7 10. Rc1 Ne4 11. Rxc4 Nxd2 12. Qxd2 Rd8 13. Nd4 Nc6 14. Nb5 Qe5
15. Qc2 Bf5 16. Qc1 Be6 17. Rc2 Qe4 18. O-O Qxa4 19. Nc7 Nb4 20. b3 Qc6 21.
Nxe6 Qxe6 22. Rc4 a5 0-1

[Event "BL 9394 Porz-Bochum"]
[Site "?"]
[Date "1994.??.??"]
[Round "?.8"]
[White "Brunner, L."]
[Black "Kassebaum, R."]
[Result "1-0"]
[WhiteElo "2480"]
[BlackElo "2355"]
[PlyCount "79"]
[EventDate "1994.??.??"]

1. Nf3 Nf6 2. c4 g6 3. d4 Bg7 4. g3 c5 5. Bg2 cxd4 6. Nxd4 O-O 7. Nc3 Nc6 8.
Nc2 Ng4 9. Bd2 Qb6 10. O-O Qxb2 11. Rb1 Bxc3 12. Rxb2 Bxb2 13. c5 Bg7 14. Nb4
Nge5 15. Qa4 Rd8 16. Rd1 Nd4 17. Nd5 Nec6 18. Bg5 Nxe2+ 19. Kh1 Nc3 20. Nxc3
Bxc3 21. Bxc6 bxc6 22. Bxe7 Re8 23. Qh4 Rb8 24. a3 Rb2 25. Bf6 Bxf6 26. Qxf6
Rbe2 27. Kg2 R2e6 28. Qf4 R6e7 29. Qa4 Bb7 30. Rd6 a6 31. h4 Bc8 32. Rd2 Re5
33. Qb4 h5 34. Qb6 Kg7 35. Rb2 R5e7 36. Qa5 Re5 37. Qc3 Kh7 38. Rb8 d5 39. Rxc8
d4 40. Rxe8 1-0

[Event "BL 9394 Castrop Rauxel-Porz"]
[Site "?"]
[Date "1994.??.??"]
[Round "?.1"]
[White "Lutz, C."]
[Black "King, D."]
[Result "1-0"]
[WhiteElo "2595"]
[BlackElo "2455"]
[PlyCount "51"]
[EventDate "1994.??.??"]

1. d4 e6 2. c4 Bb4+ 3. Bd2 a5 4. Nc3 Nf6 5. Bg5 h6 6. Bh4 d6 7. e3 e5 8. Bd3
Bxc3+ 9. bxc3 Nbd7 10. f3 Nf8 11. Qb1 Qe7 12. Ne2 Ne6 13. O-O c5 14. Ng3 g5 15.
Nf5 Qc7 16. Bg3 Nh5 17. Nxd6+ Qxd6 18. Bxe5 Qf8 19. Qb5+ Bd7 20. Qxb7 Rc8 21.
Bxh8 Qxh8 22. Qb6 a4 23. Rab1 Ke7 24. Be4 Nf6 25. Bb7 Rb8 26. d5 1-0

[Event "BL 9394 Castrop Rauxel-Porz"]
[Site "?"]
[Date "1994.??.??"]
[Round "?.2"]
[White "Appel, R."]
[Black "Hort, V."]
[Result "0-1"]
[WhiteElo "2430"]
[BlackElo "2535"]
[PlyCount "80"]
[EventDate "1994.??.??"]

1. d4 f5 2. Bg5 g6 3. h4 h6 4. Bc1 d6 5. Nc3 Nf6 6. Qd3 Nc6 7. Nf3 e5 8. dxe5
dxe5 9. Qxd8+ Kxd8 10. e3 Bd6 11. Bd2 Be6 12. O-O-O a6 13. Be1 Ke7 14. Be2 Rad8
15. Nd2 Bc5 16. Nb3 Rxd1+ 17. Bxd1 Ba7 18. Bf3 e4 19. Be2 Ne5 20. Nd4 Bd7 21.
Nd1 c5 22. Nb3 Bb5 23. Nc3 Bxe2 24. Nxe2 Rd8 25. Na5 Rd7 26. Nf4 Kf7 27. Bc3
Bb8 28. Rd1 b5 29. Nb3 Rxd1+ 30. Kxd1 Ned7 31. Ke2 g5 32. hxg5 hxg5 33. Nh3 Kg6
34. Ng1 Nd5 35. Ba5 Bd6 36. Nd2 Ne5 37. Nf1 Nc4 38. Be1 Nxb2 39. f3 Na4 40. Kd2
Nac3 0-1

[Event "BL 9394 Castrop Rauxel-Porz"]
[Site "?"]
[Date "1994.??.??"]
[Round "?.3"]
[White "Christiansen, L."]
[Black "Hoffmann, M."]
[Result "1-0"]
[WhiteElo "2560"]
[BlackElo "2470"]
[PlyCount "55"]
[EventDate "1994.??.??"]

1. c4 Nf6 2. Nc3 c5 3. Nf3 e6 4. g3 b6 5. Bg2 Bb7 6. O-O Be7 7. Re1 d5 8. cxd5
Nxd5 9. e4 Nxc3 10. bxc3 O-O 11. d4 cxd4 12. cxd4 Nc6 13. Bb2 Bf6 14. Rb1 Na5
15. Bc3 Nc4 16. Qd3 Ba6 17. Rbd1 Rc8 18. Qb1 Qc7 19. Rc1 Rfd8 20. h4 h6 21. Qb3
Qd7 22. Bh3 Qb7 23. d5 Bxc3 24. Rxc3 Na5 25. Rxc8 Rxc8 26. Qb4 Bc4 27. Ne5 Bxa2
28. Nxf7 1-0

[Event "BL 9394 Castrop Rauxel-Porz"]
[Site "?"]
[Date "1994.??.??"]
[Round "?.4"]
[White "Libeau, R."]
[Black "Hickl, J."]
[Result "1/2-1/2"]
[WhiteElo "2445"]
[BlackElo "2535"]
[PlyCount "32"]
[EventDate "1994.??.??"]

1. d4 d6 2. c4 e5 3. Nf3 Nd7 4. Nc3 c6 5. e3 Ngf6 6. Be2 Be7 7. Qc2 O-O 8. b3
Re8 9. Bb2 Bf8 10. O-O a6 11. dxe5 dxe5 12. Ng5 Qc7 13. Rad1 h6 14. Nge4 Nxe4
15. Nxe4 Nc5 16. Nxc5 Bxc5 1/2-1/2

[Event "BL 9394 Castrop Rauxel-Porz"]
[Site "?"]
[Date "1994.??.??"]
[Round "?.5"]
[White "Vaganian, R."]
[Black "Ambroz, J."]
[Result "1-0"]
[WhiteElo "2625"]
[BlackElo "2420"]
[PlyCount "69"]
[EventDate "1994.??.??"]

1. Nf3 Nf6 2. c4 b6 3. g3 c5 4. Bg2 Bb7 5. O-O g6 6. d4 cxd4 7. Qxd4 Bg7 8. Nc3
Nc6 9. Qf4 Qb8 10. Qh4 h6 11. Nd5 Qd8 12. Qf4 Rc8 13. Rb1 e6 14. Nc3 O-O 15. b3
d5 16. Ba3 Re8 17. Rbd1 a6 18. Bh1 e5 19. Qc1 d4 20. e3 d3 21. Nd2 b5 22. Nde4
Nxe4 23. Bxe4 bxc4 24. bxc4 Qa5 25. Rxd3 f5 26. Rd7 Rc7 27. Rd5 fxe4 28. Qb2
Rec8 29. Rfd1 Rf7 30. Rxa5 Nxa5 31. Qb6 Nxc4 32. Qe6 Rcc7 33. Bc5 Nb2 34. Rd8+
Kh7 35. Bd6 1-0

[Event "BL 9394 Castrop Rauxel-Porz"]
[Site "?"]
[Date "1994.??.??"]
[Round "?.7"]
[White "Mainka, R."]
[Black "Hille, RI."]
[Result "1/2-1/2"]
[WhiteElo "2480"]
[BlackElo "2275"]
[PlyCount "57"]
[EventDate "1994.??.??"]

1. e4 c6 2. d4 d5 3. exd5 cxd5 4. c4 Nf6 5. Nc3 Nc6 6. Bg5 Qa5 7. Qd2 e5 8.
Bxf6 gxf6 9. Nxd5 Qxd2+ 10. Kxd2 Bh6+ 11. Kc3 exd4+ 12. Kc2 O-O 13. Rd1 Be6 14.
Nf3 Rfd8 15. Nxd4 Bxd5 16. cxd5 Rxd5 17. Nxc6 Rc5+ 18. Kb1 Rxc6 19. Bd3 Bf8 20.
Be4 Rc7 21. Rd4 Re8 22. f3 b6 23. Rhd1 h6 24. a3 Bc5 25. Rc4 a5 26. Rc2 Ree7
27. Rd8+ Kg7 28. Rcd2 Re5 29. g4 1/2-1/2

[Event "BL 9394 Bochum-Koblenz"]
[Site "?"]
[Date "1994.??.??"]
[Round "?.2"]
[White "Piskov, Y."]
[Black "Rozentalis, E."]
[Result "1/2-1/2"]
[WhiteElo "2550"]
[BlackElo "2610"]
[PlyCount "145"]
[EventDate "1994.??.??"]

1. d4 Nf6 2. c4 e6 3. Nf3 b6 4. e3 Bb7 5. Bd3 c5 6. Nc3 cxd4 7. exd4 Be7 8. O-O
d5 9. cxd5 Nxd5 10. Ne5 O-O 11. Qh5 Nf6 12. Qh4 Nbd7 13. Rd1 Ne4 14. Qh3 Ndf6
15. Bf4 Rc8 16. d5 Rxc3 17. bxc3 Qxd5 18. Nd7 Nxd7 19. Bxe4 Qxe4 20. Rxd7 Bf6
21. Qf3 Qxf3 22. gxf3 Bxf3 23. Rc1 Ra8 24. c4 g5 25. Bxg5 Bxg5 26. Rc3 Bg4 27.
h3 Bf5 28. Rg3 h6 29. h4 Rc8 30. hxg5 h5 31. Rc3 a5 32. Rd6 b5 33. c5 b4 34.
Rc1 Kf8 35. Ra6 Be4 36. Rxa5 Bd5 37. Rb5 Bxa2 38. Rxb4 Bd5 39. Rh4 Kg7 40. Rxh5
Kg6 41. Rh3 Kxg5 42. Kf1 Bc6 43. Ke2 Kf6 44. Ra3 Rc7 45. Ke3 Ke5 46. Ra5 Rb7
47. Rc3 Rb4 48. Ra6 Re4+ 49. Kd2 Rd4+ 50. Kc1 Kd5 51. Ra2 f5 52. Rd2 e5 53.
Rxd4+ Kxd4 54. Kd2 f4 55. f3 Kd5 56. Ke2 Bb5+ 57. Kf2 Bc6 58. Rc1 Kd4 59. Re1
Bd5 60. Rc1 Bc6 61. Ke2 Bb5+ 62. Ke1 Bc6 63. Kf2 Kd3 64. Re1 Kd4 65. Kg2 Bd5
66. Rc1 Bc6 67. Kh3 Ke3 68. Re1+ Kd4 69. Kg4 Bd7+ 70. Kg5 Bc6 71. Rc1 e4 72.
fxe4 Kxe4 73. Rc4+ 1/2-1/2

[Event "BL 9394 Bochum-Koblenz"]
[Site "?"]
[Date "1994.??.??"]
[Round "?.3"]
[White "Seul, G."]
[Black "Schulz, KJ."]
[Result "1/2-1/2"]
[WhiteElo "2425"]
[BlackElo "2420"]
[PlyCount "22"]
[EventDate "1994.??.??"]

1. c4 f5 2. g3 Nf6 3. Bg2 g6 4. Nc3 Bg7 5. d4 d6 6. Nh3 c6 7. d5 e5 8. dxe6
Bxe6 9. Bf4 Bxc4 10. Qxd6 Qxd6 11. Bxd6 Na6 1/2-1/2

[Event "BL 9394 Bochum-Koblenz"]
[Site "?"]
[Date "1994.??.??"]
[Round "?.4"]
[White "Backwinkel, P."]
[Black "Reschke, S."]
[Result "1/2-1/2"]
[WhiteElo "2410"]
[BlackElo "2390"]
[PlyCount "77"]
[EventDate "1994.??.??"]

1. d4 Nf6 2. Nf3 g6 3. Bg5 Bg7 4. Nbd2 O-O 5. e4 h6 6. Bh4 d6 7. c3 Qe8 8. Bd3
e5 9. dxe5 dxe5 10. O-O Nbd7 11. Re1 Nh5 12. a4 a5 13. Bb5 Nf4 14. Qb3 Qe6 15.
Qxe6 Nxe6 16. Nb3 f6 17. Nfd2 Rd8 18. f3 Ndc5 19. Red1 Bd7 20. Bc4 Kh7 21. Nxc5
Nxc5 22. Nb3 Nxb3 23. Bxb3 Bc6 24. Kf1 Rxd1+ 25. Rxd1 Re8 26. Ke1 g5 27. Bf2
Kg6 28. Bd5 Bxa4 29. Ra1 Bb5 30. Rxa5 c6 31. Bb3 Bf8 32. Ra1 Be7 33. Rd1 Rd8
34. Rxd8 Bxd8 35. Be6 Be7 36. b4 Kg7 37. Bc8 Ba6 38. Kd2 Kf7 39. Bf5 1/2-1/2

[Event "BL 9394 Bochum-Koblenz"]
[Site "?"]
[Date "1994.??.??"]
[Round "?.5"]
[White "Fritsche, L."]
[Black "Jackelen, T."]
[Result "1/2-1/2"]
[WhiteElo "2375"]
[BlackElo "2425"]
[PlyCount "57"]
[EventDate "1994.??.??"]

1. g3 d5 2. Bg2 c6 3. d4 Nf6 4. Nf3 Bf5 5. Nh4 Bg4 6. h3 Bh5 7. Nc3 e6 8. g4
Bg6 9. Nxg6 hxg6 10. e4 Nxe4 11. Nxe4 dxe4 12. Bxe4 Nd7 13. Bf4 Nf6 14. Bg2 Bd6
15. Qd2 Bxf4 16. Qxf4 Nd5 17. Qe5 Qf6 18. Qxf6 Nxf6 19. c4 O-O-O 20. O-O-O Rd6
21. Rd2 g5 22. b4 Kc7 23. Kc2 Rhd8 24. Kc3 b5 25. Re1 bxc4 26. Kxc4 Nd5 27.
Bxd5 Rxd5 28. Re3 Kb6 29. Rdd3 1/2-1/2

[Event "BL 9394 Bochum-Koblenz"]
[Site "?"]
[Date "1994.??.??"]
[Round "?.6"]
[White "Luecke, N."]
[Black "Schlick, V."]
[Result "0-1"]
[WhiteElo "2410"]
[BlackElo "2315"]
[PlyCount "58"]
[EventDate "1994.??.??"]

1. e4 c5 2. Nf3 Nc6 3. d4 cxd4 4. Nxd4 Nf6 5. Nc3 d6 6. Be2 g6 7. Nb3 Bg7 8.
O-O O-O 9. Be3 a6 10. f3 b5 11. a4 b4 12. Nd5 Nd7 13. c3 bxc3 14. Nxc3 Rb8 15.
Ra2 Nde5 16. a5 Nb4 17. Ra3 Be6 18. Bd4 Qc8 19. f4 Nc4 20. Bxg7 Kxg7 21. Bxc4
Bxc4 22. Rf3 Qc7 23. f5 Bxb3 24. Rxb3 Qxa5 25. Qd4+ f6 26. Qd2 Qc5+ 27. Kh1 Qc4
28. Ne2 Na2 29. Rbc3 Qb4 0-1

[Event "BL 9394 Bochum-Koblenz"]
[Site "?"]
[Date "1994.??.??"]
[Round "?.7"]
[White "Polster, W."]
[Black "Sonntag, HH."]
[Result "0-1"]
[WhiteElo "2335"]
[BlackElo "2405"]
[PlyCount "70"]
[EventDate "1994.??.??"]

1. e4 e5 2. Nf3 Nc6 3. d4 exd4 4. Bc4 Nf6 5. O-O Nxe4 6. Re1 d5 7. Bxd5 Qxd5 8.
Nc3 Qa5 9. Nxe4 Be6 10. Bd2 Qd5 11. Bg5 Bd6 12. Bf6 O-O 13. Nxd4 Nxd4 14. Qxd4
Qxd4 15. Bxd4 Rfd8 16. Rad1 Bb4 17. c3 Bf8 18. b3 b6 19. Be5 c6 20. Bc7 Rxd1
21. Rxd1 Rc8 22. Be5 f6 23. Bf4 Re8 24. f3 Bd5 25. Ng3 b5 26. Kf1 a5 27. Nf5 a4
28. Rb1 axb3 29. axb3 g6 30. Nd4 Bc5 31. b4 Bb6 32. Ra1 g5 33. Bd6 Rd8 34. Be7
Bc4+ 35. Ne2 Bxe2+ 0-1

[Event "BL 9394 Bochum-Koblenz"]
[Site "?"]
[Date "1994.??.??"]
[Round "?.8"]
[White "Kassebaum, R."]
[Black "Hammes, M."]
[Result "0-1"]
[WhiteElo "2355"]
[BlackElo "2220"]
[PlyCount "74"]
[EventDate "1994.??.??"]

1. e4 e6 2. d4 d5 3. Nd2 Nf6 4. e5 Nfd7 5. c3 c5 6. Bd3 Nc6 7. Ne2 cxd4 8. cxd4
f6 9. exf6 Nxf6 10. O-O Bd6 11. Nf3 Qc7 12. Bg5 O-O 13. Ng3 Bd7 14. Rc1 Qb6 15.
Bxf6 gxf6 16. Qd2 Bxg3 17. hxg3 Rf7 18. Bb1 Rg7 19. Rfe1 Rf8 20. Rcd1 Rff7 21.
Re3 Na5 22. b3 Nc6 23. Qe2 Kh8 24. Kh2 Rf8 25. Red3 a6 26. R3d2 Qb4 27. Qe3 Qd6
28. Qf4 Qb8 29. Qh6 Qd6 30. Rh1 Kg8 31. Kg1 Qe7 32. Nh2 e5 33. dxe5 fxe5 34.
Rxd5 Nd4 35. Nf1 Bc6 36. Qd6 Qf7 37. Be4 Ne2+ 0-1

[Event "BL 9394 Dortmund-Castrop Rauxel"]
[Site "?"]
[Date "1994.??.??"]
[Round "?.1"]
[White "Watson, W."]
[Black "Beckhuis, G."]
[Result "1-0"]
[WhiteElo "2525"]
[BlackElo "2195"]
[PlyCount "41"]
[EventDate "1994.??.??"]

1. Nc3 d5 2. e4 e6 3. d4 Nf6 4. Bg5 dxe4 5. Nxe4 Be7 6. Bxf6 gxf6 7. Bc4 b6 8.
d5 f5 9. Nc3 Bf6 10. Qf3 Bb7 11. O-O-O Nd7 12. Bb5 Kf8 13. Qh3 Bxc3 14. Qxc3
Qg5+ 15. Kb1 Nf6 16. Nh3 Qg7 17. dxe6 Nd5 18. e7+ Nxe7 19. Qxc7 Bd5 20. Nf4 Rc8
21. Qd6 1-0

[Event "BL 9394 Dortmund-Castrop Rauxel"]
[Site "?"]
[Date "1994.??.??"]
[Round "?.2"]
[White "Mainka, G."]
[Black "King, D."]
[Result "1-0"]
[WhiteElo "2385"]
[BlackElo "2455"]
[PlyCount "115"]
[EventDate "1994.??.??"]

1. d4 g6 2. g3 Bg7 3. Bg2 d6 4. Nf3 Nd7 5. a4 e5 6. dxe5 dxe5 7. a5 a6 8. O-O
Ne7 9. e4 O-O 10. Nbd2 Nc6 11. Nc4 Qe7 12. b3 Rd8 13. Ba3 Qe8 14. c3 Na7 15.
Qc2 Nb5 16. Bb4 Nb8 17. Ne3 Nc6 18. Bc5 f6 19. Nd5 Qf7 20. c4 Nd6 21. h3 Bf8
22. Rfd1 Be6 23. b4 Ne8 24. Bxf8 Qxf8 25. b5 Nb8 26. b6 Bxd5 27. bxc7 Nxc7 28.
exd5 Nd7 29. Rab1 Nc5 30. h4 Ne8 31. h5 g5 32. Bh3 Nd6 33. Ne1 e4 34. Ng2 f5
35. Ne3 Qf6 36. Rb6 Qe5 37. Qc1 h6 38. Qa3 Rac8 39. Qc1 Kg7 40. Qd2 g4 41. Bf1
Na4 42. Rb4 Nc5 43. Ng2 Nf7 44. Nh4 Rd6 45. Kg2 Rc7 46. Ng6 Rxg6 47. hxg6 Nd6
48. Be2 Kxg6 49. Rh1 h5 50. Rh4 Ne8 51. Qe3 Nf6 52. Rh1 Nfd7 53. Rbb1 Rc8 54.
Rbd1 Rf8 55. d6 f4 56. gxf4 Qxf4 57. Rd5 Qxe3 58. fxe3 1-0

[Event "BL 9394 Dortmund-Castrop Rauxel"]
[Site "?"]
[Date "1994.??.??"]
[Round "?.3"]
[White "Appel, R."]
[Black "Kalka, A."]
[Result "1-0"]
[WhiteElo "2430"]
[BlackElo "2345"]
[PlyCount "55"]
[EventDate "1994.??.??"]

1. d4 Nf6 2. Nf3 g6 3. c4 Bg7 4. Nc3 d6 5. e4 O-O 6. Be2 e5 7. O-O exd4 8. Nxd4
Re8 9. f3 Nh5 10. g4 Nf6 11. Bg5 h6 12. Be3 h5 13. g5 Nh7 14. f4 Bh3 15. Rf2
Nc6 16. Bf3 f6 17. f5 Nxg5 18. fxg6 f5 19. exf5 Rxe3 20. Bd5+ Kf8 21. Ne6+ Nxe6
22. fxe6+ Ke8 23. Qxh5 Bxe6 24. Raf1 Qe7 25. Bxe6 Qxe6 26. Nd5 Qe5 27. Qxe5+
Nxe5 28. Nxe3 1-0

[Event "BL 9394 Dortmund-Castrop Rauxel"]
[Site "?"]
[Date "1994.??.??"]
[Round "?.4"]
[White "Lingnau, C."]
[Black "Hoffmann, M."]
[Result "1/2-1/2"]
[WhiteElo "2395"]
[BlackElo "2470"]
[PlyCount "51"]
[EventDate "1994.??.??"]

1. d4 Nf6 2. c4 e6 3. Nc3 Bb4 4. Qc2 c5 5. dxc5 Nc6 6. Nf3 Bxc5 7. Bg5 Qa5 8.
Rd1 Ng4 9. e3 Bb4 10. Qb3 b6 11. Rc1 Bb7 12. a3 Be7 13. Bxe7 Nxe7 14. Be2 Ne5
15. Qb5 Nxf3+ 16. Bxf3 Bxf3 17. gxf3 Nc6 18. Ke2 Ke7 19. Rhd1 Rhc8 20. Qb3 Kf8
21. Nb5 a6 22. Nd4 Ra7 23. Nxc6 Rxc6 24. Rd4 Qf5 25. Rcd1 Ke8 26. R1d2 1/2-1/2

[Event "BL 9394 Dortmund-Castrop Rauxel"]
[Site "?"]
[Date "1994.??.??"]
[Round "?.5"]
[White "Sehner, N."]
[Black "Buecker, S."]
[Result "1-0"]
[WhiteElo "2415"]
[BlackElo "2335"]
[PlyCount "83"]
[EventDate "1994.??.??"]

1. c4 f5 2. g3 Nf6 3. Bg2 d6 4. Nc3 g6 5. e3 Bg7 6. Nge2 e5 7. O-O O-O 8. b3 c6
9. d3 Na6 10. Qd2 d5 11. cxd5 cxd5 12. a4 Nc7 13. Ba3 Rf7 14. b4 Be6 15. Na2
Rd7 16. Bb2 Nh5 17. b5 a6 18. b6 Ne8 19. a5 Bf7 20. Nb4 Qe7 21. Rfc1 Rad8 22.
Ba3 Qe6 23. Ra2 g5 24. Rac2 f4 25. d4 fxg3 26. hxg3 e4 27. Nc3 Qh6 28. Na4 Nhf6
29. Nc5 Re7 30. Ncxa6 Ng4 31. Nc6 bxc6 32. Bxe7 Rd7 33. Bxg5 Qxg5 34. Rxc6 Qh5
35. Nc5 Qh2+ 36. Kf1 Bh5 37. Nxd7 Nh6 38. Rxh6 Bxh6 39. Ne5 Bg7 40. b7 Bxe5 41.
dxe5 Bf3 42. Qxd5+ 1-0

[Event "BL 9394 Dortmund-Castrop Rauxel"]
[Site "?"]
[Date "1994.??.??"]
[Round "?.6"]
[White "Seger, R."]
[Black "Libeau, R."]
[Result "0-1"]
[WhiteElo "2350"]
[BlackElo "2445"]
[PlyCount "82"]
[EventDate "1994.??.??"]

1. e4 e6 2. d4 d5 3. Nd2 Nf6 4. e5 Nfd7 5. Bd3 c5 6. c3 Nc6 7. Ne2 cxd4 8. cxd4
f6 9. exf6 Qxf6 10. Nf3 h6 11. Be3 Bd6 12. Nc3 O-O 13. O-O Rd8 14. Rc1 Nf8 15.
a3 Bd7 16. h3 Ng6 17. Bb1 Be8 18. Bxg6 Bxg6 19. Nh2 Bf5 20. b4 Qg6 21. Kh1 a5
22. b5 Ne7 23. Qb3 Bd3 24. Rfe1 Bc4 25. Qb2 Nf5 26. Rcd1 Nh4 27. g3 Nf5 28. Nf3
a4 29. b6 Qf6 30. Ne5 Bb3 31. Rc1 Rac8 32. Nb5 Bxe5 33. dxe5 Qg6 34. Bf4 d4 35.
Nc7 d3 36. Qd2 Nd4 37. Re3 Ne2 38. Re1 Nxf4 39. gxf4 Qf5 40. Rg3 Rd7 41. Reg1
Rf8 0-1